000 01066nam a22002295i 4500
001 163928
003 ES-MaACL
005 20250911063559.0
008 990722s1883 sp |||| | spa d
040 _aCCPB | B
_bspa
_cCCPB | B
100 1 _aRomero Girón, Vicente,
_d1835-1900
_999395
245 1 0 _aDiscurso leído por Vicente Romero y Girón, ministro de Gracia y Justicia, en la solemne apertura de los tribunales celebrada en 15 de setiembre de 1883.
260 _aMadrid :
_b[s.n.],
_c1883 (
_fImprenta del Ministerio de Gracia y Justicia)
300 _a57 p., [1] h. pleg. ;
_c25 cm.
530 _aDisponible en formato digital.
650 4 _aAdministración de justicia-
_zEspaña.
_99621
710 1 1 _aEspaña.
_bMinisterio de Gracia y Justicia.
_93873
852 _aES-MaACL
_jT-355-F-5-
_z-- Enc. hol.
_z-- Enc. en un vol. facticio
852 _aES-MaACL
_jT-353-F-13
_z-- Enc. hol.
_z-- Enc. en un vol. facticio
856 _uhttp://bdh-rd.bne.es/viewer.vm?id=0000097719&page=1
_zBiblioteca Digital Hispánica
999 _c163928
_d163928